000 00744cad a22002055a 4500
001 E147279
008 090424s2009 xxkd f 000 0 eng d
035 _a(Sirsi) u147279
041 0 _aeng
050 0 4 _a333.33 $2 18
245 0 0 _aRADAR
_brefurbishment & development activity report, Spring 2009
_h[electronic resource]
260 _aLondon
_bAtisreal
_c2009
520 _aIncludes information on submarket activity and development schedules for City, West End, Midtown and Docklands. Tables.
521 _aAdvanced
590 _aKA
651 4 _aLondon
690 _aPROPERTY-COMMERCIAL PROPERTY-COMMERCIAL PROPERTY MARKET
856 4 0 _uhttps://www.atisreal.com
_zView the research free of charge at www.atisreal.com...
942 _n0
999 _c109502
_d109502